01286nam a2200205Ia 4500008004100000020002800041020001500069050002000084100003100104240006000135245012900195260003900324300005400363500004800417505049600465650001200961700003100973700003101004700004501035120720s1998 mx ao 000 0 spa d a9684442807 (serie AWLI) a9684442920 aQA154bO31 19981 aO'Daffer, Phares G.eautor aAddison-Wesley Pre-algebralingléssTítulo original10aIntroducción al álgebrac / Phares G. O'Daffer, Satnley R. Clemens, Randall I. Charles ; tr. Constancia Hernandez Garcia aMéxicob : Prentice-Hallc, 1998 ax, 582 páginasb : ilustraciones, fotografías aIncluye: índice de materias (pp. 578-582) aExpresiones y ecuaciones: Suma y resta Expresiones y ecuaciones: Multiplicación y división Enteros Decimales Teoría de números Números racionales: Suma y resta Números racionales: Multiplicación y división Ecuaciones y desigualdades Razón, proporción y por ciento Cómo usar por cientos Ecuaciones en geometría Fórmulas de área y volumen Probabilidad, estadística y gráficas Raíces cuadradas y triángulos especiales Gráficas de ecuaciones y desigualdades14aALGEBRA1 aClemens, Satnley R.eautor1 aCharles, Randall I.eautor1 aHernandez Garcia, Constanciaetraductora